| 000 | 00434nam a2200133Ia 4500 | ||
|---|---|---|---|
| 008 | 200907s9999 xx 000 0 und d | ||
| 020 | _a978-971-98-1103-9 | ||
| 100 | _aGo-Monilla, Ma. Joycelyn | ||
| 245 |
_cMa. Joycelyn A. Go-Monilla, Normaliza C. Ramirez _aUnderstanding the self/ |
||
| 260 |
_aQuezon City: _bC and E Publishing, Inc. _c2018 |
||
| 300 |
_axiii, 250 pages _c22 cm. |
||
| 650 | _aHuman behavior | ||
| 650 | _aPsychology | ||
| 999 |
_c364075 _d364075 |
||